| 000 | 00710nam a22002057a 4500 | ||
|---|---|---|---|
| 005 | 20251108173049.0 | ||
| 008 | 250721s9999 xx 000 0 ara d | ||
| 082 | 1 | 4 | _aط/925 |
| 100 | 1 | _aكمال، محمد | |
| 245 | 1 | 0 | _aالشريف الإدريسي / |
| 264 | 1 |
_aحلب : _bدار ربيع، _c[19-]. |
|
| 300 | _a16ص. | ||
| 490 | 0 |
_aشمس الهدى و الإيمان : علماء العرب _v11 |
|
| 650 | 1 | 7 | _aالتراجم |
| 650 | 1 | 7 | _aالجغرافيون |
| 653 | _aأبو عبدالله ، محمد بن محمد بن عبدالله بن إدريس الحسني الطالبي | ||
| 653 | _aأطفال مرحلة متوسطة (6-9 سنوات) | ||
| 942 |
_2ddc _cBK |
||
| 999 |
_c95213 _d95213 |
||